| 000 | 00431pab a2200145 454500 | ||
|---|---|---|---|
| 008 | 180718b2007 xxu||||| |||| 00| 0 eng d | ||
| 100 | _aCaplan, Richard | ||
| 245 | _aFrom collapsing states to neo-trusteeship: the limits to solving the problem of `precarious statehood' in the 21st century | ||
| 260 | _c2007 | ||
| 300 | _ap.231-44. | ||
| 650 | _aTrusteeship | ||
| 773 | _aThird World Quarterly | ||
| 908 | _aN | ||
| 909 | _a75349 | ||
| 999 |
_c75349 _d75349 |
||